000 00791nam a22002417a 4500
005 20251108173623.0
008 250721s2003 xx 000 0 ara d
082 1 4 _a659.2/نيو
100 1 _aنيوسوم، دوج
245 1 0 _aالكتابة للعلاقات العامة : الشكل و الأسلوب /
246 1 1 _aPublic Relations Writing : Form and Style
264 1 _aغزة :
_bدار الكتاب الجامعي،
_c2003.
300 _a557 ص.
650 1 7 _aالعلاقات العامة
650 1 7 _aالإتصال الجماهيري
650 1 7 _aالإعلام العام
650 1 7 _aالدعاية
700 1 _aكاريل، بوب
700 1 _aرباح، فايد
_eTran.
700 1 _aالخاجة، مي
_eTran.
942 _2ddc
_cBK
999 _c108313
_d108313